Holiday caravanning : the complete and up-to-date guide /

Bibliographic Details
Main Author: Bainbridge, Cecil George
Format: Book
Language:English
Published: Newton Abbot (Devon) : David & Charles, [1966]
Subjects:

MARC

Tag First Indicator Second Indicator Subfields
LEADER 00000cam a2200000 4500
001 in00000099551
005 20150926125626.0
008 800403s1966 enkabef b 00010 eng d
010 |a  66067143  
015 |a B66-7460 
035 |a (OCoLC)06163051 
035 |9 AAL3972AM 
040 |a TXA  |c TXA  |d UtOrBLW 
049 |a TXAM  |c [530102] 
090 |a TL297  |b .B3 
100 1 |a Bainbridge, Cecil George. 
245 1 0 |a Holiday caravanning :  |b the complete and up-to-date guide /  |c by C. George Bainbridge. 
264 1 |a Newton Abbot (Devon) :  |b David & Charles,  |c [1966] 
300 |a 176 pages :  |b frontispiece, illustrations, 16 plates, map, plans, tables, diagrams 
336 |a text  |b txt  |2 rdacontent 
337 |a unmediated  |b n  |2 rdamedia 
338 |a volume  |b nc  |2 rdacarrier 
504 |a Bibliography: pages [168]-[169]. 
650 0 |a Automobile trailers. 
650 0 |a Automobile travel. 
999 |a MARS 
999 f f |s 015c7ed0-4e9f-36c3-9e42-b89a60e6f06b  |i 14321315-7219-377f-8c13-01d92d708ff2  |t 0 
952 f f |p ric  |a Texas A&M University  |b Rellis Campus  |c Joint Library Facility  |d Remote Storage  |t 0  |e TL297 .B3  |h Library of Congress classification  |i unmediated -- volume  |m A14805528490 
998 f f |a TL297 .B3  |t 0  |l Remote Storage